Developing biomarker-based tools for cancer screening, diagnosis, and treatment (Record no. 94548)
[ view plain ]
| 000 -LEADER | |
|---|---|
| fixed length control field | 01487nam a2200337Ia 4500 |
| 100 1# - MAIN ENTRY--AUTHOR NAME | |
| Personal name | Patlak, Margie. |
| 245 10 - TITLE STATEMENT | |
| Title | Developing biomarker-based tools for cancer screening, diagnosis, and treatment |
| 260 ## - PUBLICATION, DISTRIBUTION, ETC. (IMPRINT) | |
| Place of publication | Washington, DC : |
| Name of publisher | National Academies Press, |
| Year of publication | c2006. |
| 300 ## - PHYSICAL DESCRIPTION | |
| Number of Pages | x, 102 p. : |
| Other physical details | ill. |
| 650 #0 - SUBJECT ADDED ENTRY--TOPICAL TERM | |
| Topical Term | Tumor markers |
| Topical Term | Biochemical markers |
| 700 1# - ADDED ENTRY--PERSONAL NAME | |
| Personal name | Nass, Sharyl J. |
| 856 40 - ELECTRONIC LOCATION AND ACCESS | |
| Uniform Resource Identifier | http://site.ebrary.com/lib/rucke/Doc?id=10150106 |
No items available.
